Notas a la Ortología y Métrica de don Andrés Bello

-д хадгалсан:
Номзүйн дэлгэрэнгүй
Үндсэн зохиолч: Caro, Miguel Antonio (Зохиогч)
Формат: Ном
Хэл сонгох:испани
Хэвлэсэн: Bogotá Instituto Caro y Cuervo 1980
Нөхцлүүд:
Шошгууд: Шошго нэмэх
Шошго байхгүй, Энэхүү баримтыг шошголох эхний хүн болох!

MARC

LEADER 00000nam a2200000 a 4500
001 UCQ6543
003 CL-VaPUC
008 981016e19800000CK |||||||||||||||||spa|d
082 0 4 |a Ve864.09  |b CAR  |2 21 
100 0 |a Caro, Miguel Antonio  |e author  |9 408317 
245 1 0 |a Notas a la Ortología y Métrica de don Andrés Bello 
300 |a 212 p 
942 |c BK 
945 |d 19981016 00:00:00  |a crobeson 
260 |a Bogotá  |b Instituto Caro y Cuervo  |c 1980 
600 0 7 |a BELLO, ANDRES  |2 CL-VaPUC  |9 420447 
650 0 |a Ensayos venezolanos  |9 437013 
650 0 |a Literatura venezolana   |9 348916 
650 0 |a Crítica e interpretación   |9 255042 
583 |a last modification  |c 19981016 00:00:00  |k Rodrigo Vera 
999 |c 276493  |d 276491 
952 |0 0  |1 0  |4 0  |6 VE_864_090000000000000_CAR_1980  |7 0  |8 A  |9 313762  |a BIBEDU  |b BIBEDU  |d 2019-11-20  |i 1484028  |o Ve864.09 CAR 1980  |p 1484028  |r 2019-11-20  |w 2019-11-20  |y BK  |k LIT